| 000 | 00656nam a2200169Ia 4500 | ||
|---|---|---|---|
| 008 | 090711s9999 xx 000 0 und d | ||
| 082 | _b23 | ||
| 100 | _aपाठक सुरेश रा. | ||
| 245 | _aमला समजलेला दासबोध (खंड 2 रा) | ||
| 260 |
_bस्वामी प्रकाशन _c2001 |
||
| 300 | _a256 | ||
| 600 | _aपाठक सुरेश रा. | ||
| 630 | _aमला समजलेला दासबोध (खंड 2 रा) | ||
| 700 | _aपाठक सुरेश रा. | ||
| 730 | _aमला समजलेला दासबोध (खंड 2 रा) | ||
| 942 | _cBOOK | ||
| 999 |
_c339210 _d339207 |
||